| 000 | 01025nam a22002657a 4500 | ||
|---|---|---|---|
| 999 |
_c2192 _d2192 |
||
| 003 | AR-CdUCM | ||
| 008 | 190304b ||||| |||| 00| 0 spa d | ||
| 020 | _a84-206-2994-4 | ||
| 020 | _a84-206-2077-7 | ||
| 040 |
_aMUNICIPALIDAD PROVINCIAL DEL CUSCO _cBIBLIOTECA MUNICIPAL DEL CUSCO |
||
| 082 |
_a301.3 / _bC91 |
||
| 100 |
_aCrombie, A.C. _97908 |
||
| 245 |
_aHistoria de la Ciencia : _bLa Ciencia en la baja edad media y comienzos de la edad moderna : _bSiglos XIII al XVII / _cCrombie, A.C. |
||
| 260 |
_aGranada : _bAlianza Editorial, _c1980. |
||
| 300 |
_a354 paginas ; _bIlustraciones, _c20cm. |
||
| 500 | _aAlianza Universidad | ||
| 505 | _aContenido -- El metodo cientifico y los progresos de la fisica -- La revolución del pensamiento cientifico | ||
| 650 |
_aCiencia moderna _91777 |
||
| 650 |
_aCiencia medieval _97909 |
||
| 650 |
_aEdad moderna _97910 |
||
| 700 |
_aBernia, José ( version española ) _97911 |
||
| 700 |
_aBallester García, Luis _97912 |
||
| 942 |
_2ddc _cLIBROS |
||
| 945 |
_apjha _d2019-03-04 |
||